000 00330nam a2200121 i 4500
001 bg
245 0 _aSieci elektroenergetyczne w zakładach przemysłowych.
_nT. 2,
_pElektroenergetyczne stacje i linie.
260 _aWarszawa,
_c1990.
040 _cBPK
041 _apol
942 _cKS
008 s pl f |000 0 pol
999 _c29285
_d29285
856 _uhttp://koha.tu.koszalin.pl/cgi-bin/koha/opac-detail.pl?biblionumber=29285
_yKatalog online BPK